Online
Catalog

Urgencias en enfermería / (Record no. 36230)

MARC details
000 -CABECERA
campo de control de longitud fija 00847nam a2200217 a 4500
001 - NÚMERO DE CONTROL
campo de control 000036739
005 - FECHA Y HORA DE LA ÚLTIMA TRANSACCIÓN
campo de control 20200930075916.0
008 - DATOS DE LONGITUD FIJA--INFORMACIÓN GENERAL
campo de control de longitud fija 120127s1987 mx a 000 0 spa d
040 ## - FUENTE DE LA CATALOGACIÓN
Centro catalogador/agencia de origen DO-SdBNP
Lengua de catalogación spa
Centro/agencia transcriptor BNPHU
245 00 - MENCIÓN DE TÍTULO
Título Urgencias en enfermería /
Mención de responsabilidad, etc. directora editorial Diana Odell Potter ; directora clínica Minnie Bowen Rose ; traducción J. Rafael Blengio Pinto, Gustavo A. Silva.
260 ## - PUBLICACIÓN, DISTRIBUCIÓN, ETC.
Lugar de publicación, distribución, etc. México :
Nombre del editor, distribuidor, etc. Interamericana,
Fecha de publicación, distribución, etc. 1987.
300 ## - DESCRIPCIÓN FÍSICA
Extensión xxix, 871 p. :
Otras características físicas il. ;
Dimensiones 24 cm.
490 0# - MENCIÓN DE SERIE
Mención de serie Manuales médicos Interamericana
650 24 - PUNTO DE ACCESO ADICIONAL DE MATERIA--TÉRMINO DE MATERIA
Término de materia o nombre geográfico como elemento de entrada Enfermería
9 (RLIN) 2342
650 24 - PUNTO DE ACCESO ADICIONAL DE MATERIA--TÉRMINO DE MATERIA
Término de materia o nombre geográfico como elemento de entrada Urgencias
9 (RLIN) 63052
700 1# - PUNTO DE ACCESO ADICIONAL--NOMBRE DE PERSONA
Nombre de persona Potter, Diana Odell,
Término indicativo de función/relación dir.
9 (RLIN) 63053
700 1# - PUNTO DE ACCESO ADICIONAL--NOMBRE DE PERSONA
Nombre de persona Rose, Minnie Bowen,
Término indicativo de función/relación dir.
9 (RLIN) 63054
700 1# - PUNTO DE ACCESO ADICIONAL--NOMBRE DE PERSONA
Nombre de persona Blengio Pinto, J. Rafael,
Término indicativo de función/relación trad.
9 (RLIN) 63055
700 1# - PUNTO DE ACCESO ADICIONAL--NOMBRE DE PERSONA
Nombre de persona Silva, Gustavo A.,
Término indicativo de función/relación trad.
9 (RLIN) 63056
830 #0 - PUNTO DE ACCESO ADICIONAL DE SERIE-TÍTULO UNIFORME
Título uniforme Manuales médicos Interamericana
9 (RLIN) 63057
Holdings
Estado de retiro Estado de pérdida Restricciones de uso No para préstamo Código de colección Localización permanente Ubicación/localización actual Ubicación en estantería Fecha de adquisición Número de inventario Total de préstamos Signatura topográfica completa Código de barras Fecha visto por última vez Precio válido a partir de Tipo de ítem Koha
      Excluido de préstamo Monografías: Libros y Folletos General General En catalogación 27.01.2012 LF1   36739-10 25.06.2020 25.06.2020 No se presta

Powered by Koha